Memoria del Seminario /
Información básica sobre reforma agraria para la alta oficialidad del ejército salvadoreño. Estudia el concepto de desarrollo y de reforma agraria, analiza las causas que justifican la realización de una reforma agraria en el país./ALLV
Gardado en:
| Autores Corporativos: | , , |
|---|---|
| Formato: | Texto |
| Publicado: |
San Salvador:
IICA
|
| Materias: | |
| Etiquetas: |
Engadir etiqueta
Sen Etiquetas, Sexa o primeiro en etiquetar este rexistro!
|
MARC
| LEADER | 00000 a a2200000 04500 | ||
|---|---|---|---|
| 001 | 19617 | ||
| 003 | |||
| 040 | |||
| 090 | |a 078100 | ||
| 110 | |a El Salvador. Ministerio de Defensa y de Seguridad Pública. Instituto de Colonización Rural | ||
| 245 | |a Memoria del Seminario / |c El Salvador. Ministerio de Defensa y de Seguridad Pública. Instituto de Colonización Rural | ||
| 260 | |a San Salvador: |b IICA | ||
| 300 | |a 180 p. | ||
| 520 | |a Información básica sobre reforma agraria para la alta oficialidad del ejército salvadoreño. Estudia el concepto de desarrollo y de reforma agraria, analiza las causas que justifican la realización de una reforma agraria en el país./ALLV | ||
| 650 | |a REFORMA AGRARIA | ||
| 650 | |a EJERCITO | ||
| 710 | |a IICA | ||
| 710 | |a Programa de Adiestramiento y Estudios Sobre Reforma Agraria y Desarrollo Rural del Istmo Centroamericano | ||
| 999 | |c 12376 |d 12376 | ||
